000 00272pam a2200121 a 4500
020 _c
041 _aeng
100 _aLawrenso.
245 _aOdour Chrysanthe Muins & Other Stones
_hTextual Documents
260 _a[s.l]:
_bProgress.Pub
300 _a192p.
930 _a15554
999 _c92454
_d92454